Kolekcjonerzy i kolekcje w Gdańsku XVI - XIX wieku (do 1872 roku)

Titel: Kolekcjonerzy i kolekcje w Gdańsku XVI - XIX wieku (do 1872 roku) : "Inventarium et taxam" dzieł sztuki / Antoni Romuald Chodyński
Verfasser:
In: Rocznik historii sztuki,
alle Artikel anzeigen
Veröffentlicht: 2002
Umfang: Ill.
Format: Aufsatz
Sprache: Polnisch
Schlagworte:
Vorliegende Ausgabe: Online-Ausg. Heidelberg: Univ.-Bibl., 2013. - Online-Ressource.
Kein Bild verfügbar
X
alg: 47167793
001A    $06055:06-11-20 
001B    $03025:19-07-24 $t12:55:26.000 
001D    $06055:06-11-20 
001U    $0utf8 
001X    $00 
002@    $0Oox 
002C    $aText $btxt $2rdacontent 
002D    $aComputermedien $bc $2rdamedia 
002E    $aOnline-Ressource $bcr $2rdacarrier 
003@    $0471677930 
004U    $0urn:nbn:de:bsz:16-diglit-145363 $SV98 
007A    $0471677930 $aHEB 
007I    $0HHB-370326601 
007I    $0HHB-1440326606 
009Q    $SV98 $uhttp://digi.ub.uni-heidelberg.de/diglit/rhs2002/0177 $xH 
010@    $apol 
011@    $a2002 
011B    $a2013 
021A    $aKolekcjonerzy i kolekcje w Gdańsku XVI - XIX wieku (do 1872 roku) $d"Inventarium et taxam" dzieł sztuki $hAntoni Romuald Chodyński 
027A    $asechzehnten neunzehnten 
027A/01 $aKunstsammler und Kunstsammlungen in Danzig im 16. bis 19. Jahrhundert (bis 1872) 
028A    $#Chodyński, Antoni R. $7120174235 $8Chodyński, Antoni Romuald$Z1945- [Tp3] $9151820902 
033N    $pHeidelberg $nUniv.-Bibl. 
033Q    $aOnline-Ressource 
034M    $aIll. 
037A    $aDt. Zsfassung u.d.T.: Kunstsammler und Kunstsammlungen in Danzig im 16. bis 19. Jahrhundert (bis 1872) : inventarium et taxam von Kunstwerken, S. 211-212 
037A    $aEnthalten in: 27(2002), Seite [171]-212 
037G    $aOnline-Ausg. 
039B    $aIn $8--Obvc--. Rocznik historii sztuki. - Warszawa : Polska Akademia Nauk, 1956-. - Online-Ressource. - ISSN 2720-2933. - DOI 10.11588/diglit.12451. - urn:nbn:de:bsz:16-diglit-124512 $9290997941 
044K    $#Danzig $#Ville Libre de Danzig $#Dantzig $#Ville Libre de Dantzig $#Freistaat Danzig $#Gdańsk $#Freie Stadt Danzig $#Urząd Miejski w Gdańsku $#Gyddanzyc $#Gedanum $#Dantiscum $74011039-4 $8Danzig [Tg1] $9085022225 
044K    $RSammler $RKunstsammlerin $#Art Collectors and collecting $#Art Collectionneurs et collections $#Arte Colecciones $74166042-0 $8Kunstsammler [Ts1] $9085745731 
044K    $RMuseum $#Sammlungen $74128844-0 $8Sammlung [Ts1] $9085448907 
045E    $c700 
045R    $aGeschichte 1500-1872 
045T    $a9,10 

lok: 47167793 3

exp: 47167793 3 1 #EPN
201B/01 $007-11-20 $t22:20:14.704 
201C/01 $007-11-20 
201U/01 $0utf8 
203@/01 $01128877309 
204U/01 $0urn:nbn:de:bsz:16-diglit-145363 $SV98 
208@/01 $a07-11-20 $bl 

lok: 47167793 78

exp: 47167793 78 1 #EPN
201B/01 $019-07-24 $t12:54:21.000 
201C/01 $019-07-24 
201U/01 $0utf8 
203@/01 $01267499656 
208@/01 $a19-07-24 $be 
209A/01 $a/ $f000 $x00 
209A/01 $ab*p $x01 
220C/01 $aeja 
244Z/01 $#Westpreußen $#Königlich-Preußen $#Polnisch-Preußen $#Königliches Preußen $74079244-4 $8--Tg1--Westpreußen $x11 $908522510X 
247C/01 $82080>Marburg/Lahn, Herder-Institut, Forschungsbibliothek, Bibliographieportal $9336309341
LEADER 00000caa a22000002c 4500
001 471677930
003 DE-603
005 20240719125526.0
007 cr||||||||||||
008 201106s2002 xx |||| o| u00||u|pol c
024 7 |a urn:nbn:de:bsz:16-diglit-145363  |2 urn 
035 |a (DE-599)HEB471677930 
040 |a DE-603  |b ger  |c DE-603  |d DE-603 
041 |a pol 
084 |a 700  |q DE-101  |2 sdnb 
084 |a 9,10  |2 ssgn 
100 1 |a Chodyński, Antoni Romuald  |d 1945-  |0 (DE-603)151820902  |0 (DE-588)120174235  |2 gnd 
245 0 0 |a Kolekcjonerzy i kolekcje w Gdańsku XVI - XIX wieku (do 1872 roku)  |b "Inventarium et taxam" dzieł sztuki  |c Antoni Romuald Chodyński 
246 1 3 |a sechzehnten neunzehnten 
246 1 3 |a Kunstsammler und Kunstsammlungen in Danzig im 16. bis 19. Jahrhundert (bis 1872) 
264 0 |c 2002 
300 |b Ill. 
336 |a Text  |b txt  |2 rdacontent 
337 |a Computermedien  |b c  |2 rdamedia 
338 |a Online-Ressource  |b cr  |2 rdacarrier 
500 |a Dt. Zsfassung u.d.T.: Kunstsammler und Kunstsammlungen in Danzig im 16. bis 19. Jahrhundert (bis 1872) : inventarium et taxam von Kunstwerken, S. 211-212 
500 |a Enthalten in: 27(2002), Seite [171]-212 
530 |a Online-Ausg. 
533 |b Heidelberg  |c Univ.-Bibl.  |d 2013  |e Online-Ressource  |7 s2013uuuuxx u| 
648 7 |a Geschichte 1500-1872  |2 gnd 
650 7 |a Kunstsammler  |0 (DE-588)4166042-0  |0 (DE-603)085745731  |2 gnd 
650 7 |a Sammlung  |0 (DE-588)4128844-0  |0 (DE-603)085448907  |2 gnd 
651 7 |a Danzig  |0 (DE-588)4011039-4  |0 (DE-603)085022225  |2 gnd 
773 0 8 |i In  |t Rocznik historii sztuki  |d Warszawa : Polska Akademia Nauk, 1956-  |h Online-Ressource  |o 10.11588/diglit.12451  |o urn:nbn:de:bsz:16-diglit-124512  |x 2720-2933  |w (DE-603)290997941  |w (DE-600)2654042-3 
856 |u http://digi.ub.uni-heidelberg.de/diglit/rhs2002/0177  |x Verlag 
924 1 |9 603  |a (DE-603)1128877309  |b DE-603  |c HES  |d d 
924 1 |9 2080  |a (DE-603)1267499656  |b DE-2080  |c HES  |d d  |g /